00581nam a22001817a 450000500170000001000150001702000260003203500140005803700130007208200120008510000200009724500560011725000120017326000290018527000650021430000340027950000860031320181113150844.0 aENG-124493 a9789353065409c759.00 aEN-108025 bDBAD/PUB a305.231 aKail, Robert V. aChildren and their development /cby Robert V. Kail a7th ed. aNew DelhibPearsonc2019 a14 Local Shopping Centre, Panchsheel ParkbNew Delhie110017 a586p.c28cm. (pbk)bill. pic. aIt includes glossary, answers, references, credits, name index and subject index